Bellas ilusiones, femenino plural (Record no. 14202)

MARC details
000 - LÍDER
campo de control de longitud fija 00981nam a2200205Ia 4500
008 - ELEMENTOS DE DATOS DE LONGITUD FIJA - INFORMACIÓN GENERAL
campo de control de longitud fija 0000002002 sp ad 0000000000spa00
090 ## - NÚMERO DE LLAMADA DE TIPO LC LOCALMENTE ASIGNADO (OCLC)
Número de clasificación (OCLC) (R) PSP00 V69b
100 1# - ENTRADA PRINCIPAL - NOMBRE PERSONAL
Nombre de la persona Vozmediano, Elena
245 13 - TÍTULO DECLARACIÓN
Título Bellas ilusiones, femenino plural
Resto del título : Arancha Goyeneche
Declaración de responsabilidad / texto Elena Vozmediano ; fotografías Jorge Fernández Bolado
260 ## - PUBLICACIÓN, DISTRIBUCIÓN
Lugar de publicación Cantabria : Gobierno de Cantabria, Consejería de Cultura, Turismo y Deporte
Fecha de publicación 2002
300 ## - DESCRIPCIÓN FÍSICA
Alcance [62] p.
Dimensiones / 24 cm.
500 ## - NOTA GENERAL
Nota general Exposición realizada en la Sala Luz Norte de Santander, España en marzo de 2002 \ lncluye datos biográficos y cronología artística \ Donación de Carlos Jiménez, 2012
600 00 - ENTRADA DE SUJETO AÑADIDO - NOMBRE PERSONAL
Nombre de la persona GOYENECHE, ARANCHA, 1967/
Subdivisión general TRABAJOS PICTORICOS \ GOYENECHE, ARANCHA, 1967/
-- TRABAJOS ARTISTICOS
650 14 - ENTRADA DE SUJETO AÑADIDO - TÉRMINO TÓPICO
Término tópico o elemento de entrada del nombre geográfico PINTURA ESPAÑOLA
650 14 - ENTRADA DE SUJETO AÑADIDO - TÉRMINO TÓPICO
Término tópico o elemento de entrada del nombre geográfico ARTE CONTEMPORANEO ESPAÑOL
650 14 - ENTRADA DE SUJETO AÑADIDO - TÉRMINO TÓPICO
Término tópico o elemento de entrada del nombre geográfico ARTISTAS PLASTICOS ESPAÑOLES
650 14 - ENTRADA DE SUJETO AÑADIDO - TÉRMINO TÓPICO
Subdivisión general CATALOGOS
650 14 - ENTRADA DE SUJETO AÑADIDO - TÉRMINO TÓPICO
Subdivisión general EXPOSICIONES
650 14 - ENTRADA DE SUJETO AÑADIDO - TÉRMINO TÓPICO
Término tópico o elemento de entrada del nombre geográfico FOTOGRAFIA Y PINTURA
Holdings
Estado de retirada Pérdida de estatus Estado dañado No para préstamo Código de recogida Ubicación permanente Ubicación actual Ubicación de las estanterías Fecha de adquisición Número de llamada completo Código de barras Fecha de la última vez que se vio Número de copia Precio efectivo desde Tipo de artículo Koha
        General ArtNexus ArtNexus General 06/09/2022 P-SP-00 V69B 14387 06/09/2022 Ej.1 06/09/2022 Libro

Powered by Koha